|
|
|
|
| LEADER |
01086njm a2200301 a 4500 |
| 001 |
000634491 |
| 003 |
CZ BrMZK |
| 005 |
20021120095403.0 |
| 007 |
sd fsngnnmmned |
| 008 |
021104s2002 xr pp f cze d |
| 028 |
0 |
1 |
|a 7243 5 38620 2 2
|b EMI
|
| 040 |
|
|
|a BOA001
|b cze
|
| 047 |
|
|
|a pp
|
| 048 |
|
|
|a od
|b vu
|
| 080 |
|
|
|a (086.7)
|2 MRF
|
| 080 |
|
|
|a 785.16
|2 MRF
|
| 110 |
2 |
|
|a OK Band
|7 mzk2002158265
|4 prf
|
| 245 |
1 |
0 |
|a Mixle v pixle!
|h [zvukový záznam] :
|b remixed! : [8x za škvírou]
|
| 260 |
|
|
|a Praha :
|b EMI,
|c p2002
|
| 300 |
|
|
|a 1 zvuková deska :
|b digital ;
|c 12 cm +
|e 1 leták (12 x 24 cm)
|
| 500 |
|
|
|a Kompaktní deska
|
| 505 |
0 |
0 |
|t Kapky měly dlouhou chvíli --
|t Tohle je jinej svět --
|t Noc a den --
|t Hodnej hoch --
|t Čekání na sebe --
|t Holywood je Vatikán --
|t Někdy jsem down --
|t Tohle je jinej svět
|
| 511 |
0 |
|
|a OK Band
|
| 650 |
0 |
7 |
|a populární písně
|7 ph124354
|2 czenas
|
| 655 |
|
4 |
|a populární hudba
|
| 910 |
|
|
|a BOA001
|b CD-0010.756
|
| 990 |
|
|
|a AV
|
| 996 |
6 |
|
|b 261H011767
|c CD-0010.756
|l MZK
|r Sklad / do 24 hodin
|n 0
|w 000634491
|u 000010
|a 1
|e BOA001
|j MZK50
|s P
|